[Event "VIE-ch U09"]
[Site "Ho Chi Minh City"]
[Date "2014.07.18"]
[Round "9"]
[White "Vo, Le Duc"]
[Black "Le, Quang Khai"]
[Result "1-0"]
[WhiteElo "1523"]
[BlackElo "1504"]
[PlyCount "63"]
[EventDate "2014.07.13"]
[EventType "swiss"]
[EventRounds "9"]
[EventCountry "VIE"]
[SourceTitle "EXT 2016"]
[Source "ChessBase"]
[SourceDate "2015.10.08"]
[SourceVersion "1"]
[SourceVersionDate "2015.10.08"]
[SourceQuality "1"]

1. e4 e5 2. Nf3 Nc6 3. Bc4 Bc5 4. 0-0 Nf6 5. d3 h6 6. Be3 d6 7. Bxc5 dxc5 8. h3 0-0 9. Bb5 Qd6 10. Bxc6 bxc6 11. Nc3 Nh5 12. Ne2 f5 13. exf5 Rxf5 14. Ng3 Nxg3 15. fxg3 c4 16. dxc4 Qc5+ 17. Kh1 Qxc4 18. g4 Rf8 19. Nxe5 Qc5 20. Rxf8+ Qxf8 21. Nxc6 Bb7 22. Qd7 Qf2 23. Qxc7 Ba6 24. Ne7+ Kh7 25. Nf5 Rg8 26. Rd1 Bf1 27. Qb7 Qe2 28. Qf3 Qxf3 29. gxf3 Be2 30. Rd7 Bxf3+ 31. Kh2 Be4 32. c4 1-0

[Event "VIE-ch U09"]
[Site "Ho Chi Minh City"]
[Date "2014.07.15"]
[Round "5"]
[White "Vo, Le Duc"]
[Black "Nguyen, Tu Nam"]
[Result "1-0"]
[WhiteElo "1523"]
[BlackElo "1482"]
[PlyCount "103"]
[EventDate "2014.07.13"]
[EventType "swiss"]
[EventRounds "9"]
[EventCountry "VIE"]
[SourceTitle "EXT 2016"]
[Source "ChessBase"]
[SourceDate "2015.10.08"]
[SourceVersion "1"]
[SourceVersionDate "2015.10.08"]
[SourceQuality "1"]

1. e4 e6 2. Nf3 d5 3. d3 dxe4 4. dxe4 Qxd1+ 5. Kxd1 Nf6 6. Nc3 Bb4 7. e5 Bxc3 8. bxc3 Nd5 9. Bd2 0-0 10. Bc4 b6 11. Bxd5 exd5 12. Re1 Re8 13. Bf4 c5 14. Kd2 Bb7 15. Re3 h6 16. h3 Na6 17. Rae1 Re6 18. Kc1 Rc8 19. Kb2 b5 20. a3 b4 21. axb4 cxb4 22. cxb4 Nxb4 23. Rc3 Rec6 24. Ree3 g5 25. Bg3 Nxc2 26. Kxc2 a5 27. Rxc6 Rxc6+ 28. Rc3 Ra6 29. Ra3 Rc6+ 30. Kd3 Ba6+ 31. Ke3 Rc5 32. Nd4 Bf1 33. e6 fxe6 34. Nxe6 Rc8 35. Nd4 Re8+ 36. Kd2 Re4 37. Kc3 Bxg2 38. Rxa5 Re8 39. h4 Rc8+ 40. Kd2 gxh4 41. Bxh4 Rc4 42. Ke3 Rc3+ 43. Kf4 Rd3 44. Ke5 Be4 45. Ra8+ Kf7 46. Ra7+ Kg6 47. Ra6+ Kh7 48. Nf5 Bxf5 49. Kxf5 Rh3 50. Ra7+ Kg8 51. Kg6 Kf8 52. Ra8# 1-0